| 000 | 00702nam a2200181 a 4500 | ||
|---|---|---|---|
| 003 | 0 | ||
| 005 | 20250528140629.0 | ||
| 008 | 021022s19uu xx 00 eng d | ||
| 050 |
_aPHS KPM 3740 _b.L49 2002 |
||
| 100 | _aLewis, Melissa Manara. | ||
| 245 |
_aThe Legalization of abortion as perceived by selected college students / _cMelissa Manara Lewis. |
||
| 260 |
_aLas PiƱas City, Philippines : _bSouthville International School and Colleges, _c2002. |
||
| 300 |
_a17 pages : _billustrations ; _c28 cm. |
||
| 650 |
_aAbortion _xLaw and legislation _zPhilippines. |
||
| 650 |
_aAbortion _xMoral and ethical aspects _zPhilippines. |
||
| 650 |
_aAbortion _xPublic opinion _zPhilippines. |
||
| 942 |
_2lcc _cPASS |
||
| 999 |
_c96715 _d96715 |
||